Levy of distress (Record no. 21077)

MARC details
000 -LEADER
fixed length control field 01023cab a2200205 4500
001 - CONTROL NUMBER
control field W7434
008 - FIXED-LENGTH DATA ELEMENTS--GENERAL INFORMATION
fixed length control field 090401t1994 xxu||||| |||| 00| 0 eng d
035 ## - SYSTEM CONTROL NUMBER
System control number (Sirsi) u31395
041 ## - LANGUAGE CODE
Language code of text/sound track or separate title eng
245 ## - TITLE STATEMENT
Title Levy of distress
260 ## - PUBLICATION, DISTRIBUTION, ETC.
Date of publication, distribution, etc. 1994
350 ## - PRICE (NR) (BK AM CF MU VM SE) [OBSOLETE]
Price 0
490 ## - SERIES STATEMENT
Series statement Times
Volume/sequential designation 26 April 1994, 36(1)
520 ## - SUMMARY, ETC.
Summary, etc. In "R v Basildon Justices ex parte Holding and Barnes plc" QBD 12 April 1994, it was held that justices were not under a duty when hearing an appeal against levy of distress for non-payment of rates to hear and decide on evidence whether the levy was irregular before they went on to consider the exercise of their discretion to ward compensation in respect of seizure of goods by bailiffs. There were alternative remedies available to an appellant who wished to challenge the regularity of a levy.
650 ## - SUBJECT ADDED ENTRY--TOPICAL TERM
Topical term or geographic name entry element NON-DOMESTIC RATING 9COLLECTION AND ENFORCEMENT ) (LOCAL LISTS) REGULA
650 ## - SUBJECT ADDED ENTRY--TOPICAL TERM
Topical term or geographic name entry element NON-PAYMENT OF RATES
690 ## - LOCAL SUBJECT ADDED ENTRY--TOPICAL TERM (OCLC, RLIN)
Topical term or geographic name as entry element RATING AND VALUATION-CASE LAW
942 ## - ADDED ENTRY ELEMENTS (KOHA)
Suppress in OPAC 0
948 ## - LOCAL PROCESSING INFORMATION (OCLC); SERIES PART DESIGNATOR (RLIN)
c (OCLC) 04/03/1997
Holdings
Withdrawn status Lost status Source of classification or shelving scheme Damaged status Not for loan Home library Current library Shelving location Date acquired Total Checkouts Full call number Barcode Date last seen Copy number Price effective from Koha item type
    Dewey Decimal Classification     London London Journal article 14/09/1999   W7434 31395-1001 06/08/2019 1 06/08/2019 Law report